Reptilien nach Bildern - Statistiken

Allgemein
  • Dieses Quiz wurde 5.693 mal gespielt
    5.457 seit der letzten Aktualisierung
  • Das Durchschnittsergebnis liegt bei 10 aus 18
Antwortstatistiken
Bildquiz Antwort % Korrekt
Nilkrokodil
93%
Chamäleon
86%
Alligator
84%
Kobra (Brillenschlange)
78%
Klapperschlange
75%
Riesenschildkröte
74%
Meeresschildkröte
65%
Blindschleiche
62%
Komodowaran
61%
Zauneidechse
57%
Gecko
51%
Anakonda
45%
Leguan
44%
Grüner Baumpython
43%
Kreuzotter
28%
{Dorn}teufel
23%
{Kragen}echse
20%
Gavial
10%
Keine übereinstimmenden Quizze gefunden
Verteilung der Resultate
Anzahl Personen mit jedem Resultat
Perzentil nach korrekt beantworteten Fragen
Ihre Resultats-Entwicklung
Sie haben dieses Quiz seit der letzten Aktualisierung nicht gespielt